000 01409nam a2200217 a 4500
005 20241023134621.0
008 100630t2004||||sp |||g p 1p0dspa d
020 _a8466616209
041 _aspa
092 _c808
_l74
_sRIC
100 1 _aRice, Anne
_93942
245 _aEntrevista con el vampiro /
_cAnne Rice
250 _a1a ed.
_bTraducción Marcelo Covian
260 _aBarcelona:
_bEdiciones B;
_c2004.
300 _a463 p.
500 _aRice, A. (2004). Entrevista con el vampiro. (1a ed.). Barcelona : Ediciones B.
505 _aPrimera novela de una emocionante trilogía, Entrevista con el vampiro narra la conversión de un joven de Nueva Orleans en eterno habitante de la noche. El personaje tiene un poderoso motivo para convertirse en un ser maldito: el sentimiento de culpabilidad por la muerte de su hermano menor. Pero desde el comienzo de su vida sobrenatural los sentimientos más humano salen a su paso, en especial el amor, no exento de dependencia psicológica y sexual, por una de sus jóvenes victimas. Una novela de inusitado horror, producto de una pluma magistral. Anne Rice es autora, entre otras novelas de tres famosas series: Crónicas Vampíricas, a la que pertenece, entre otros, este título; las brujas de Mayfair, y Nuevas historias de vampiros.
590 _aProyecto 4to Libro. Donación Victoria Lara, Mayo 2018.
655 _aLiteratura
_92917
942 _2lcc
_cLIT
999 _c2796
_d2796